000
00167nam a22000857a 4500
082
_a
823
100
_a
CHARLES & MARY LAMB
245
_a
TALES FROM SHAKESPEARE
942
_c
BK
999
_c
8230
_d
8230